000 00518pab a2200169 454500
008 180718b2011 xxu||||| |||| 00| 0 eng d
100 _aKapadia, S.H.
245 _aLandmark judgment on Central Vigilance Commission in the Supreme Court of India writ petition (c) No. 348 of 2010 (Document)
260 _c2011
300 _ap.818-848.
362 _aJul-Sep
650 _aCentral Vigilance Commission
650 _aCorruption
773 _aIndian Journal of Public Administration
908 _aN
909 _a94230
999 _c94230
_d94230